[Event "11th BCC Thailand Open"]
[Site "Pattaya THA"]
[Date "2011.04.12"]
[Round "3.10"]
[White "L'Ami, Alina"]
[Black "Saptarshi, Roy"]
[Result "1-0"]
[WhiteTitle "WGM"]
[BlackTitle "IM"]
[WhiteElo "2297"]
[BlackElo "2395"]
[WhiteFideId "1210246"]
[BlackFideId "5008980"]
[EventDate "2011.04.11"]

1. d4 d5 2. c4 e6 3. Nf3 c6 4. Bg5 Qa5+ 5. Nbd2 h6 6. Bh4 dxc4 7. e3 c3 8. Nc4
c2+ 9. Qd2 Qxd2+ 10. Nfxd2 b5 11. Ne5 Bb7 12. Bd3 Nf6 13. O-O Nbd7 14. Nxd7 Nxd7
15. Rac1 f5 16. Rxc2 Bd6 17. Bg3 Be7 18. Nb3 Bd8 19. d5 exd5 20. Nd4 O-O 21.
Bxf5 Rxf5 22. Nxf5 c5 23. Rd1 c4 24. e4 Nc5 25. Nd6 dxe4 26. Nxb7 Nxb7 27. Rd5
a6 28. Be5 Kf7 29. Rcd2 Ba5 30. Rd1 g6 31. Bc3 Bxc3 32. bxc3 Ke6 33. Kf1 Rc8 34.
Ke2 Rc6 35. Ke3 Nd6 36. g4 a5 37. a3 Rb6 38. Kd4 b4 39. a4 Ne8 40. Re5+ Kf7 41.
Kxc4 Nf6 42. Rxa5 bxc3 43. Kxc3 Nxg4 44. Rb5 Rc6+ 45. Kd4 e3 46. f3 e2 47. Re1
Nxh2 48. Rxe2 Nxf3+ 49. Kd5 Rc3 50. Ra2 g5 51. a5 g4 52. a6 Rd3+ 53. Ke4 1-0

[Event "11th BCC Thailand Open"]
[Site "Pattaya THA"]
[Date "2011.04.12"]
[Round "3.11"]
[White "Mariano, Nelson III"]
[Black "Zaw Win Lay"]
[Result "0-1"]
[BlackTitle "GM"]
[WhiteElo "2197"]
[BlackElo "2382"]
[WhiteFideId "5201748"]
[BlackFideId "13000098"]
[EventDate "2011.04.11"]

1. e4 c5 2. Nc3 Nc6 3. Nge2 g6 4. g3 Bg7 5. Bg2 e6 6. O-O Nge7 7. d3 O-O 8. Bg5
h6 9. Be3 Nd4 10. Rb1 Nec6 11. e5 Nxe5 12. Nxd4 cxd4 13. Bxd4 Nf3+ 14. Qxf3 Bxd4
15. Qf4 Bg7 16. Nb5 d5 17. c4 Bd7 18. Nc3 Bc6 19. cxd5 exd5 20. d4 a5 21. Rfe1
Qd7 22. h4 Rfe8 23. Kh2 Rad8 24. Rbc1 Rxe1 25. Rxe1 Qd6 26. Qd2 h5 27. Re2 Bf6
28. Nd1 Bxh4 29. Qxa5 Bf6 30. Qb6 h4 31. Nc3 hxg3+ 32. fxg3 Kg7 33. Re3 Rh8+ 34.
Kg1 Bg5 35. Rf3 Qe6 36. Kf2 Re8 37. Kg1 Be3+ 38. Kf1 Bf2 39. Ne4 Bxg3 40. Rxg3
dxe4 41. a3 Qf5+ 42. Ke1 e3 43. Bf3 Bxf3 44. Rxg6+ 0-1

[Event "11th BCC Thailand Open"]
[Site "Pattaya THA"]
[Date "2011.04.12"]
[Round "3.12"]
[White "Hansen, Sune Berg"]
[Black "Eng, Andre Jerome"]
[Result "1-0"]
[WhiteTitle "GM"]
[WhiteElo "2603"]
[BlackElo "2150"]
[WhiteFideId "1400266"]
[BlackFideId "5801826"]
[EventDate "2011.04.11"]

1. c4 Nf6 2. g3 g6 3. Bg2 Bg7 4. Nc3 O-O 5. e4 d6 6. Nge2 Nc6 7. O-O e5 8. d3
Bd7 9. h3 Nd4 10. Nxd4 exd4 11. Ne2 Ne8 12. f4 Qc8 13. g4 f5 14. exf5 gxf5 15.
g5 c6 16. Bd2 Nc7 17. Ng3 Be6 18. Re1 Qd7 19. Qf3 Rab8 20. Re2 d5 21. c5 b6 22.
cxb6 axb6 23. h4 Rbe8 24. Bh3 Nb5 25. Rae1 Nc7 26. Kh2 Qf7 27. h5 Bd7 28. h6 Bh8
29. Bf1 c5 30. Rc1 Bb5 31. Bh3 Bd7 32. Rg2 Rc8 33. Nh5 Rfd8 34. Re1 Kf8 35. Nf6
Ne8 36. Nxh7+ Qxh7 37. Qh5 Qf7 38. g6 Qf6 39. Re5 Qd6 40. g7+ Nxg7 41. Qg5 1-0

[Event "11th BCC Thailand Open"]
[Site "Pattaya THA"]
[Date "2011.04.12"]
[Round "3.13"]
[White "Tuomala, Timo"]
[Black "Bakre, Tejas"]
[Result "1/2-1/2"]
[BlackTitle "GM"]
[WhiteElo "2231"]
[BlackElo "2530"]
[WhiteFideId "500704"]
[BlackFideId "5004195"]
[EventDate "2011.04.11"]

1. Nf3 c5 2. c4 Nc6 3. d4 cxd4 4. Nxd4 Nf6 5. Nc3 e6 6. g3 Qb6 7. Nb3 Ne5 8. e4
Bb4 9. Qe2 d6 10. f4 Nc6 11. Be3 Bxc3+ 12. bxc3 Qc7 13. Bg2 b6 14. Nd4 Nxd4 15.
cxd4 Bb7 16. e5 Ne4 17. Qc2 f5 18. exf6 Nxf6 19. O-O O-O 20. Rac1 Rac8 21. Rfe1
Rfe8 22. Bxb7 Qxb7 23. Qb3 Qa6 24. Bd2 d5 25. cxd5 exd5 26. Re5 Rxc1+ 27. Bxc1
Rc8 28. Ba3 Qc4 29. Qxc4 Rxc4 30. Re7 Rxd4 31. Rxa7 Rd1+ 32. Kg2 Rd2+ 33. Kf3 h5
34. Bc1 Rxh2 35. Be3 Ne4 36. Bd4 g5 1/2-1/2

[Event "11th BCC Thailand Open"]
[Site "Pattaya THA"]
[Date "2011.04.12"]
[Round "3.14"]
[White "Kunte, Abhijit"]
[Black "Steinbrecht, Ralf"]
[Result "1-0"]
[WhiteTitle "GM"]
[WhiteElo "2526"]
[BlackElo "2222"]
[WhiteFideId "5002265"]
[BlackFideId "4653785"]
[EventDate "2011.04.11"]

1. d4 Nf6 2. c4 c5 3. d5 e6 4. Nc3 exd5 5. cxd5 d6 6. e4 g6 7. h3 Bg7 8. Nf3 O-O
9. Bd3 a6 10. a4 Nbd7 11. O-O Re8 12. Re1 Ne5 13. Nxe5 Rxe5 14. Bf4 Re8 15. Qd2
h5 16. a5 b5 17. axb6 Qxb6 18. e5 dxe5 19. Bxe5 Bd7 20. Bf4 Bb5 21. d6 Rxe1+ 22.
Rxe1 Rd8 23. Bxb5 axb5 24. Nd5 Nxd5 25. Qxd5 Bxb2 26. d7 Bf6 27. Re8+ Kg7 28.
Bd6 1-0

[Event "11th BCC Thailand Open"]
[Site "Pattaya THA"]
[Date "2011.04.12"]
[Round "3.15"]
[White "Sorensen, Torben"]
[Black "Morris, James"]
[Result "0-1"]
[WhiteTitle "IM"]
[BlackTitle "IM"]
[WhiteElo "2403"]
[BlackElo "2227"]
[WhiteFideId "1400541"]
[BlackFideId "3205800"]
[EventDate "2011.04.11"]

1. Nf3 g6 2. e4 c5 3. d4 cxd4 4. Qxd4 Nf6 5. e5 Nc6 6. Qa4 Nd5 7. Qe4 Nb6 8. Bf4
Bg7 9. Nc3 O-O 10. O-O-O f6 11. exf6 Rxf6 12. Bb5 d6 13. Bxc6 bxc6 14. Rhe1 Bf5
15. Qxe7 Qxe7 16. Rxe7 Bxc2 17. Kxc2 Rxf4 18. Rc7 Rc4 19. Nd2 Rg4 20. g3 Bxc3
21. bxc3 Ra4 22. Rxc6 Rxa2+ 23. Kb3 Ra5 24. Rxd6 Rb8 25. Kc2 Ra2+ 26. Kd3 Na4
27. Rc1 Nc5+ 28. Kd4 Nb7 29. Ne4 Nxd6 30. Nxd6 Rd2+ 31. Ke5 Rd8 32. Ne4 Re8+ 33.
Kf4 g5+ 34. Ke3 Rd6 35. h3 a5 36. c4 a4 37. c5 Ra6 38. Kd4 a3 39. Nc3 Rd8+ 40.
Kc4 Rd2 41. Kb5 Ra8 42. c6 a2 43. c7 Rb2+ 44. Kc6 Rc2 45. Rxc2 a1=Q 46. Nb5 Qa6+
47. Kc5 Rc8 48. Rc4 Rxc7+ 49. Nxc7 Qa7+ 50. Kd6 Qxf2 51. Rg4 Kf7 52. Nd5 h6 53.
Ke5 Qb2+ 54. Ke4 Qg2+ 55. Ke5 Qxh3 56. Ne3 Kg6 0-1

[Event "11th BCC Thailand Open"]
[Site "Pattaya THA"]
[Date "2011.04.12"]
[Round "3.16"]
[White "Berezovics, Alexander"]
[Black "Romanov, Alexei"]
[Result "1/2-1/2"]
[WhiteTitle "FM"]
[BlackTitle "IM"]
[WhiteElo "2206"]
[BlackElo "2401"]
[WhiteFideId "4113357"]
[BlackFideId "4173716"]
[EventDate "2011.04.11"]

1. Nf3 Nf6 2. c4 g6 3. b3 Bg7 4. Bb2 O-O 5. g3 c5 6. Bg2 Nc6 7. O-O d6 8. d4
cxd4 9. Nxd4 Bd7 10. Nc3 Nxd4 11. Qxd4 Bc6 12. Nd5 Bxd5 13. Bxd5 Ne8 14. Qd2
Bxb2 15. Qxb2 Qb6 16. Rfd1 Nc7 17. h4 Nxd5 18. Rxd5 Rac8 19. Rb5 Qc6 20. Qd4 b6
21. a4 Rb8 22. h5 a6 23. Rd5 Qc8 24. Kg2 Qe6 25. e3 Rfc8 26. Rh1 Rc5 27. Qh4
Rxd5 28. hxg6 h5 29. cxd5 Qxd5+ 30. e4 Qe5 31. gxf7+ Kxf7 32. Rd1 e6 33. Rc1 Kg6
34. Kg1 Rf8 35. Qe7 Rf7 36. Qe8 Qxe4 37. Qg8+ Rg7 38. Qe8+ Rf7 1/2-1/2

[Event "11th BCC Thailand Open"]
[Site "Pattaya THA"]
[Date "2011.04.12"]
[Round "3.17"]
[White "West, Guy"]
[Black "Tuorila, Kai"]
[Result "1-0"]
[WhiteTitle "IM"]
[WhiteElo "2360"]
[BlackElo "2125"]
[WhiteFideId "3200086"]
[BlackFideId "6200214"]
[EventDate "2011.04.11"]

1. e4 g6 2. Nc3 Bg7 3. f4 d6 4. Nf3 c6 5. Be2 d5 6. e5 h5 7. d4 Nh6 8. Be3 Bg4
9. Qd2 b5 10. Bf2 Nf5 11. g3 a5 12. h3 Bxf3 13. Bxf3 e6 14. Nd1 Nd7 15. Ne3 Nxe3
16. Bxe3 Bf8 17. O-O c5 18. c3 c4 19. a3 Nb6 20. g4 Qh4 21. Qg2 hxg4 22. hxg4
Be7 23. Bf2 Qh3 24. Qxh3 Rxh3 25. Kg2 Rh8 26. Be3 Na4 27. Rf2 Kd7 28. Rh1 Rxh1
29. Kxh1 Rh8+ 30. Kg2 b4 31. axb4 axb4 32. cxb4 Bxb4 33. Bd1 Nb6 34. f5 gxf5 35.
gxf5 Rg8+ 36. Kf1 Be7 37. Bh5 Rg3 38. Ke2 f6 39. Bf7 fxe5 40. Bxe6+ Ke8 41. f6
Bxf6 42. Rxf6 exd4 43. Bxd4 Ke7 44. Rh6 Na4 45. Bxd5 Nxb2 1-0

[Event "11th BCC Thailand Open"]
[Site "Pattaya THA"]
[Date "2011.04.12"]
[Round "3.18"]
[White "Sanjay, N."]
[Black "Prince, Bajaj"]
[Result "1/2-1/2"]
[BlackTitle "CM"]
[WhiteElo "2335"]
[BlackElo "2194"]
[WhiteFideId "5003075"]
[BlackFideId "5045150"]
[EventDate "2011.04.11"]

1. Nf3 Nf6 2. c4 e6 3. g3 b6 4. Bg2 Bb7 5. O-O Be7 6. Nc3 O-O 7. d4 d5 8. Ne5
Nbd7 9. Qa4 c6 10. Bf4 Nxe5 11. Bxe5 Nd7 12. Bf4 a6 13. cxd5 cxd5 14. Rfc1 b5
15. Qb3 Rc8 16. a4 b4 17. Na2 1/2-1/2

[Event "11th BCC Thailand Open"]
[Site "Pattaya THA"]
[Date "2011.04.12"]
[Round "3.19"]
[White "Myo Naing"]
[Black "Kananub, Warot"]
[Result "1/2-1/2"]
[WhiteTitle "IM"]
[WhiteElo "2317"]
[BlackElo "1989"]
[WhiteFideId "13000071"]
[BlackFideId "6201601"]
[EventDate "2011.04.11"]

1. e4 e5 2. Nf3 Nf6 3. Nc3 Nc6 4. a3 a6 5. d4 exd4 6. Nxd4 Nxd4 7. Qxd4 d6 8.
Be2 Be7 9. O-O O-O 10. f4 Re8 11. Kh1 b5 12. Bf3 Bb7 13. Qd3 Rb8 14. g4 h6 15.
h4 Qc8 16. Qe2 Bf8 17. Qg2 Qe6 18. Re1 c5 19. g5 hxg5 20. hxg5 b4 21. axb4 cxb4
22. gxf6 Qxf6 23. Bd2 bxc3 24. bxc3 Re6 25. f5 Ree8 26. Qg4 Be7 27. Rg1 Qh4+ 28.
Qxh4 Bxh4 29. Bh6 Bf6 30. Bxg7 Bxg7 31. f6 Bxe4 32. Rxg7+ Kf8 33. Bxe4 Rxe4 34.
Rh7 Kg8 35. Rh6 Rg4 36. Rxa6 Rg6 37. Rxg6+ fxg6 38. Rxd6 Rc8 39. Rd3 Kf7 40. Rf3
Rc6 41. Kg2 Rxf6 1/2-1/2

[Event "11th BCC Thailand Open"]
[Site "Pattaya THA"]
[Date "2011.04.12"]
[Round "3.20"]
[White "Eriksson, Jon"]
[Black "Contin, Daniel"]
[Result "0-1"]
[BlackTitle "IM"]
[WhiteElo "2201"]
[BlackElo "2316"]
[WhiteFideId "503894"]
[BlackFideId "803618"]
[EventDate "2011.04.11"]

1. Nf3 Nf6 2. c4 c5 3. Nc3 g6 4. e4 Nc6 5. d4 cxd4 6. Nxd4 d6 7. Be2 Bg7 8. Be3
O-O 9. O-O Bd7 10. Qd2 Nxd4 11. Bxd4 Bc6 12. f3 Nd7 13. Be3 a5 14. b3 Nc5 15.
Rac1 Kh8 16. Rfd1 b6 17. Bf1 Ra7 18. Ne2 Rd7 19. Nd4 Ba8 20. Qc2 e6 21. a3 d5
22. cxd5 exd5 23. Bb5 dxe4 24. Bxd7 Qxd7 25. Ne2 Qe6 26. fxe4 Nxb3 27. Nf4 Qxe4
28. Qxe4 Bxe4 29. Rc4 Re8 30. Bxb6 f5 31. g3 g5 32. Ne6 Bf6 33. Nc5 Bf3 34. Rd7
Be2 35. Rc2 Nd4 36. Rc1 Bb5 37. Rd1 Nf3+ 38. Kh1 Bxd7 39. Nxd7 Bg7 40. Kg2 g4
41. Rc1 Bb2 42. Rd1 a4 43. Bf2 Bxa3 44. Nb6 Re2 45. Nxa4 Kg7 46. Kf1 Rc2 47. Ra1
Bd6 48. Rd1 Nxh2+ 49. Kg2 Be5 50. Kxh2 Rxf2+ 51. Kg1 Rf3 0-1

[Event "11th BCC Thailand Open"]
[Site "Pattaya THA"]
[Date "2011.04.12"]
[Round "3.21"]
[White "Teerapabpaisit, Wisuwat"]
[Black "Lee, Kah Meng Elgin"]
[Result "1/2-1/2"]
[WhiteTitle "FM"]
[WhiteElo "2310"]
[BlackElo "1904"]
[WhiteFideId "6200176"]
[BlackFideId "5701996"]
[EventDate "2011.04.11"]

1. e4 c6 2. d4 d5 3. Nc3 dxe4 4. Nxe4 Bf5 5. Ng3 Bg6 6. Nf3 Nd7 7. h4 h6 8. h5
Bh7 9. Bd3 Bxd3 10. Qxd3 Ngf6 11. Bd2 Qc7 12. O-O-O e6 13. Kb1 O-O-O 14. Qe2 Bd6
15. Ne4 Nxe4 16. Qxe4 Nf6 17. Qe2 c5 18. Be3 cxd4 19. Rxd4 Kb8 20. Ra4 a6 21.
Rc4 Qa5 22. Nd2 Nd5 23. Nb3 Qb5 24. a4 Qd7 25. Bd2 Rc8 26. Rhh4 Rxc4 27. Rxc4
Rc8 28. Rxc8+ Kxc8 29. a5 Qa4 30. Qd3 Qg4 31. c4 Nb4 32. Qxd6 Qd1+ 33. Nc1 Qc2+
34. Ka1 Qa4+ 35. Kb1 1/2-1/2

[Event "11th BCC Thailand Open"]
[Site "Pattaya THA"]
[Date "2011.04.12"]
[Round "3.22"]
[White "Pitirotjirathon, Jirapak"]
[Black "Limono, Handjojo"]
[Result "1-0"]
[WhiteTitle "FM"]
[WhiteElo "2278"]
[BlackElo "1869"]
[WhiteFideId "6200206"]
[BlackFideId "7102909"]
[EventDate "2011.04.11"]

1. d4 c6 2. c4 d5 3. Nf3 Nf6 4. Nc3 a6 5. a4 dxc4 6. e4 Bg4 7. Bxc4 e6 8. Be3
Bb4 9. Qb3 a5 10. Ne5 Bh5 11. O-O Nbd7 12. Nxd7 Qxd7 13. f3 O-O 14. Na2 Be7 15.
Nc1 Bg6 16. Nd3 Qc8 17. Rac1 Re8 18. Rfd1 Bf8 19. Nc5 Bxc5 20. dxc5 Qc7 21. Rd6
h6 22. Rcd1 Kh7 23. Qd3 Nd5 24. Bf2 Rad8 25. Rxd8 Rxd8 26. Qd2 Ne3 27. Qxd8 Qxd8
28. Rxd8 Nxc4 29. b3 Ne5 30. Bg3 f6 31. Bxe5 fxe5 32. Rd7 1-0

[Event "11th BCC Thailand Open"]
[Site "Pattaya THA"]
[Date "2011.04.12"]
[Round "3.24"]
[White "Andersson, Christin"]
[Black "Willemze, Thomas"]
[Result "0-1"]
[WhiteTitle "WIM"]
[BlackTitle "IM"]
[WhiteElo "2163"]
[BlackElo "2390"]
[WhiteFideId "1702947"]
[BlackFideId "1007238"]
[EventDate "2011.04.11"]

1. e4 c6 2. d4 d5 3. exd5 cxd5 4. Bd3 Nc6 5. c3 Qc7 6. h3 g6 7. Ne2 Bf5 8. Bxf5
gxf5 9. Bf4 Qd7 10. Nd2 e6 11. Nf3 Bd6 12. Qd2 Nf6 13. O-O-O Rg8 14. g3 Ne4 15.
Qe3 b5 16. Ne5 Bxe5 17. dxe5 Qe7 18. f3 Nc5 19. g4 fxg4 20. hxg4 b4 21. cxb4
Nxb4 22. Kb1 Rb8 23. Rxh7 Na4 24. Rd2 Qb7 25. Rh1 Nb6 26. Qb3 Nc4 27. Rc1 Qa6
28. Rdc2 Ke7 29. Rc3 Nxa2 30. Bg5+ Kd7 31. Rxc4 Nxc1 32. Qa4+ Qxa4 33. Rxa4 Nxe2
34. Rxa7+ Kc6 35. Bd2 Rb7 36. Ra6+ Rb6 37. Ra1 Rgb8 38. b4 R8b7 39. Ra8 Nd4 40.
f4 Rb8 41. Ra7 R6b7 42. Ra6+ Kd7 43. f5 Nc6 44. Kc1 Nxe5 45. g5 Nd3+ 46. Kd1
Nxb4 47. Ra4 exf5 48. Bf4 Nd3 49. Rd4 Nxf4 50. Rxf4 Ke6 51. g6 fxg6 52. Kd2 Ke5
53. Ra4 g5 54. Kd3 Rb2 0-1

[Event "11th BCC Thailand Open"]
[Site "Pattaya THA"]
[Date "2011.04.12"]
[Round "3.25"]
[White "Dotsenko, Viacheslav"]
[Black "Palit, Somak"]
[Result "0-1"]
[BlackTitle "IM"]
[WhiteElo "2069"]
[BlackElo "2378"]
[WhiteFideId "24124370"]
[BlackFideId "5010454"]
[EventDate "2011.04.11"]

1. d4 Nf6 2. c4 g6 3. Nc3 d5 4. Nf3 Bg7 5. Qb3 dxc4 6. Qxc4 O-O 7. e4 c6 8. Be2
b5 9. Qb3 a5 10. e5 a4 11. Qd1 Nd5 12. O-O Na6 13. Bg5 Nxc3 14. bxc3 Be6 15. Qd2
Nc7 16. Rfc1 Bd5 17. Bh6 Qd7 18. Rd1 Rfd8 19. Bxg7 Kxg7 20. Ne1 c5 21. dxc5 Qc6
22. Qe3 Ne6 23. Nd3 Bxg2 24. Nb4 Qb7 25. c6 Bxc6 26. Nxc6 Qxc6 27. Bf3 Qc4 28.
Bxa8 Rxa8 29. Qd3 Qf4 30. Qg3 Qf5 31. Kf1 Rc8 32. Rab1 Rc5 33. Re1 Qc2 34. Rbc1
Qxa2 35. Qh4 Qd5 36. Qe4 Qd2 37. Rc2 Qg5 38. Re3 Rc4 39. Qb7 b4 0-1

[Event "11th BCC Thailand Open"]
[Site "Pattaya THA"]
[Date "2011.04.12"]
[Round "3.26"]
[White "Sauravh, Khherdekar"]
[Black "Jayaram, R."]
[Result "1-0"]
[WhiteTitle "FM"]
[WhiteElo "2324"]
[BlackElo "2070"]
[WhiteFideId "5008646"]
[BlackFideId "5019915"]
[EventDate "2011.04.11"]

1. d4 Nf6 2. c4 g6 3. Nc3 Bg7 4. Nf3 d6 5. Bg5 Nbd7 6. e3 O-O 7. Be2 c5 8. O-O
h6 9. Bh4 a6 10. Rc1 b6 11. h3 cxd4 12. Nxd4 Bb7 13. Bf3 Bxf3 14. Qxf3 Ne5 15.
Qe2 Rc8 16. b3 g5 17. Bg3 g4 18. hxg4 Nexg4 19. Nf5 Ne5 20. Bxe5 dxe5 21. Rfd1
Qe8 22. Nd5 1-0

[Event "11th BCC Thailand Open"]
[Site "Pattaya THA"]
[Date "2011.04.12"]
[Round "3.27"]
[White "Arvind, Shastry"]
[Black "Brunner, Karl"]
[Result "1-0"]
[WhiteElo "2297"]
[BlackElo "2063"]
[WhiteFideId "5008778"]
[BlackFideId "1308793"]
[EventDate "2011.04.11"]

1. d4 d5 2. c4 e6 3. Nc3 Nf6 4. cxd5 exd5 5. Bg5 Nbd7 6. e3 Be7 7. Qc2 O-O 8.
Bd3 c6 9. Nf3 h6 10. Bh4 Re8 11. O-O Ne4 12. Bxe7 Qxe7 13. Bxe4 dxe4 14. Nd2 Nf6
15. Rae1 Bf5 16. f3 Bg6 17. f4 Qe6 18. a3 Bf5 19. Rc1 Ng4 20. Rfe1 Qg6 21. Nc4
Rad8 22. h3 Nf6 23. Ne5 Qg3 24. Qf2 Qxf2+ 25. Kxf2 Nd5 26. g4 Nxc3 27. Rxc3 Be6
28. f5 Bd5 29. Kg3 Rd6 30. Rec1 Re7 31. b4 Rf6 32. R1c2 g6 33. Rf2 Kg7 34. Rc1
Rd6 35. h4 gxf5 36. gxf5 f6 37. Rg2 Kh7 38. Ng6 Re8 39. Kh2 Rd7 40. Nf4 Rg8 41.
Rxg8 Bxg8 42. Nh5 Kh8 43. Nxf6 Rf7 44. Nxg8 Kxg8 45. Rc5 Rg7 46. Kh3 Rg1 47. Re5
Ra1 48. Rxe4 Rxa3 49. Re7 Kf8 50. f6 Rb3 51. Kg4 Rxb4 52. Kf5 Rb6 53. Kg6 Rb1
54. Rxb7 Rg1+ 55. Kf5 Rf1+ 56. Ke6 Kg8 57. Rb8+ Kh7 58. f7 1-0

[Event "11th BCC Thailand Open"]
[Site "Pattaya THA"]
[Date "2011.04.12"]
[Round "3.28"]
[White "Topi-Hulmi, Teemu"]
[Black "Chong, Chor Yuen"]
[Result "1-0"]
[WhiteTitle "FM"]
[WhiteElo "2285"]
[BlackElo "2051"]
[WhiteFideId "502740"]
[BlackFideId "6000320"]
[EventDate "2011.04.11"]

1. e4 c5 2. Nc3 Nc6 3. g3 g6 4. Bg2 Bg7 5. d3 d6 6. Be3 Nf6 7. h3 Rb8 8. Nge2
O-O 9. O-O Bd7 10. Qd2 b5 11. Bh6 e6 12. Bxg7 Kxg7 13. d4 b4 14. Nd1 cxd4 15.
Nxd4 Nxd4 16. Qxd4 Qb6 17. Qxb6 Rxb6 18. Ne3 Bb5 19. Rfd1 Rc8 20. Rd4 a5 21. a3
e5 22. Rd2 Ba6 23. b3 Kf8 24. f3 Rc5 25. Bf1 Bxf1 26. Kxf1 Rbc6 27. axb4 axb4
28. Ra8+ Ke7 29. Rb8 1-0

[Event "11th BCC Thailand Open"]
[Site "Pattaya THA"]
[Date "2011.04.12"]
[Round "3.29"]
[White "Wee, Chu En Kelvin"]
[Black "Shetty, Rahul"]
[Result "0-1"]
[BlackTitle "IM"]
[WhiteElo "2037"]
[BlackElo "2279"]
[WhiteFideId "5802040"]
[BlackFideId "5000513"]
[EventDate "2011.04.11"]

1. e4 c5 2. Nf3 e6 3. d4 cxd4 4. Nxd4 Nf6 5. Nc3 d6 6. Be2 Be7 7. O-O a6 8. f4
Qc7 9. Kh1 O-O 10. Qd3 Nbd7 11. Qg3 Re8 12. Bd3 b5 13. a3 Bb7 14. Bd2 Bf8 15.
Rae1 Nc5 16. Nf3 g6 17. e5 Nh5 18. Qh3 Nxd3 19. cxd3 Rad8 20. Ng5 Bg7 21. Nce4
dxe5 22. fxe5 Qc2 23. Nd6 Qxd2 24. Ngxf7 Nf4 25. Nxb7 Nxh3 26. Nbxd8 Nf2+ 27.
Kg1 Nxd3 0-1

[Event "11th BCC Thailand Open"]
[Site "Pattaya THA"]
[Date "2011.04.12"]
[Round "3.30"]
[White "Reilly, Tim"]
[Black "Attwood, James"]
[Result "1/2-1/2"]
[WhiteTitle "FM"]
[WhiteElo "2271"]
[BlackElo "2019"]
[WhiteFideId "3200302"]
[BlackFideId "3206688"]
[EventDate "2011.04.11"]

1. d4 Nf6 2. c4 g6 3. Nc3 Bg7 4. e4 d6 5. f3 O-O 6. Be3 c5 7. dxc5 dxc5 8. Qxd8
Rxd8 9. Bxc5 Nc6 10. Nge2 Nd7 11. Be3 Nde5 12. Nf4 Nb4 13. Rd1 Nc2+ 14. Kf2 Rxd1
15. Nxd1 Nxe3 16. Nxe3 Nc6 17. b3 Bd4 18. Bd3 f5 19. exf5 gxf5 20. Ke2 Be5 21.
g3 b6 22. Rd1 Kf7 23. Bb1 e6 24. Nh3 Ke7 25. f4 Bg7 26. g4 fxg4 27. Nxg4 h5 28.
Ne3 Nd4+ 29. Kf2 Bb7 30. Rg1 Bf6 31. Ng5 Rg8 32. Be4 Bxg5 33. Bxb7 Bh4+ 34. Kf1
Rxg1+ 35. Kxg1 Ne2+ 1/2-1/2

[Event "11th BCC Thailand Open"]
[Site "Pattaya THA"]
[Date "2011.04.12"]
[Round "3.31"]
[White "Sollid, Stein"]
[Black "Lim, Hoon Cheng"]
[Result "1/2-1/2"]
[BlackTitle "FM"]
[WhiteElo "2016"]
[BlackElo "2209"]
[WhiteFideId "1503057"]
[BlackFideId "5800102"]
[EventDate "2011.04.11"]

1. e4 e5 2. Bc4 Nc6 3. Nf3 Nf6 4. d3 Be7 5. O-O d6 6. h3 Na5 7. Nc3 Nxc4 8. dxc4
O-O 9. c5 h6 10. Qd3 Be6 11. Rd1 Qd7 12. Qb5 a6 13. Qxd7 Nxd7 14. cxd6 Bxd6 15.
Ne1 f5 16. f3 Bc5+ 17. Kh2 Nf6 18. Nd3 Bd6 19. Be3 b6 20. Nf2 f4 21. Bxb6 Rfb8
22. Ba5 Rxb2 23. Rd2 Bc4 24. Rad1 Ne8 25. Nd3 Rb7 26. Nc1 Kf7 27. Nb3 Rc8 28.
Nd5 Rb5 29. Nc3 Rb7 30. h4 Be7 31. g3 fxg3+ 32. Kxg3 Nf6 33. Nd5 Bd6 34. Bc3
Bxd5 35. exd5 e4+ 36. Kg2 e3 37. Re2 Re8 38. Bxf6 Kxf6 39. Rd3 Bf4 40. Nc5 Rb2
41. Ra3 g5 42. Rxa6+ Kf7 43. Rxh6 gxh4 44. Rxh4 Rg8+ 45. Rg4 Rxg4+ 46. fxg4 Rxa2
47. Kf3 Bd6 48. Ne4 Be7 49. Kxe3 Ra3+ 50. Kd4 Kg6 51. c4 Bf8 52. Ke5 Rf3 53. Ke6
Rf7 54. d6 cxd6 55. Kd5 Rf4 56. Rf2 Rxf2 57. Nxf2 Kg5 58. Ke4 Be7 59. Kf3 Kf6
60. Kf4 Ke6 61. Ke4 Kf6 62. Nh3 Bf8 63. Kd5 Be7 64. Kc6 Ke5 65. Kd7 Bf8 66. Ke8
Bh6 67. g5 Bxg5 68. Nxg5 Kd4 1/2-1/2

[Event "11th BCC Thailand Open"]
[Site "Pattaya THA"]
[Date "2011.04.12"]
[Round "3.32"]
[White "Santoshkashyap, HG"]
[Black "Vospernik, Andrej"]
[Result "0-1"]
[WhiteElo "2003"]
[BlackElo "2205"]
[WhiteFideId "5045410"]
[BlackFideId "14601281"]
[EventDate "2011.04.11"]

1. d4 Nf6 2. Nf3 c5 3. d5 d6 4. c4 g6 5. Nc3 e5 6. e4 Bg7 7. Be2 O-O 8. O-O Nh5
9. Re1 Nf4 10. Bf1 f5 11. Bxf4 exf4 12. e5 dxe5 13. Nxe5 Nd7 14. Nd3 g5 15. Qh5
b6 16. h4 h6 17. hxg5 hxg5 18. d6 Qf6 19. Nd5 Qh6 20. Qf3 Ba6 21. Nc7 Nf6 22.
Qh3 Qxh3 23. gxh3 Bxc4 24. Nxa8 Rxa8 25. Ne5 Bxf1 26. Kxf1 Ne4 27. f3 Nxd6 28.
Rad1 Bxe5 29. Rxe5 Nc4 30. Rde1 Nxe5 31. Rxe5 Rf8 32. Ke2 Kg7 33. Kd3 Kf6 34.
Rd5 Ke6 0-1

[Event "11th BCC Thailand Open"]
[Site "Pattaya THA"]
[Date "2011.04.12"]
[Round "3.33"]
[White "Wiwatanadate, Poompong"]
[Black "Osmolny, Vladimir I."]
[Result "0-1"]
[BlackTitle "FM"]
[WhiteElo "1994"]
[BlackElo "2200"]
[WhiteFideId "6201083"]
[BlackFideId "24137049"]
[EventDate "2011.04.11"]

1. e4 c5 2. Nf3 Nf6 3. Nc3 d6 4. d4 cxd4 5. Nxd4 a6 6. Bg5 e6 7. f4 Qb6 8. Qd2
Qxb2 9. Rb1 Qa3 10. Bxf6 gxf6 11. f5 Nc6 12. fxe6 fxe6 13. Nxc6 bxc6 14. e5 Bh6
15. Qxh6 Qxc3+ 16. Kd1 Qxe5 17. h4 Ra7 18. Be2 Rg8 19. Re1 Qd4+ 20. Kc1 d5 21.
Rd1 Qe5 22. Bh5+ Kd8 23. g4 a5 24. Rf1 Rag7 25. Qxf6+ Qxf6 26. Rxf6 Kc7 27. g5
e5 28. Kd2 Re7 29. Rb3 e4 30. Ke3 Rd8 31. c3 c5 32. Rbb6 d4+ 33. cxd4 cxd4+ 34.
Kd2 Bb7 35. Rbe6 Rxe6 36. Rxe6 Bd5 37. Rh6 Rf8 38. Rxh7+ Kd6 39. Be2 Rf2 40. Ke1
Rh2 41. g6 d3 42. Bg4 e3 0-1